000 00479nam a2200193Ia 4500
001 3754
003 7555
005 20241209092333.0
008 ||||||n9999 ||| || ||
041 _aspa
111 _aCongreso Mundial de Cajas de Ahorros
_96947
245 0 _aMemorias Congreso Mundial de Cajas de Ahorros
260 _aBogotá :
_bCaja Agraria,
_c1975.
300 _a151p
562 _e1
650 0 _aAhorro
_96568
650 _aCOLOMBIA
_96948
942 _cDO-GO
999 _c3754
_d3754